header

Literature among discourses (Record no. 221545)

MARC details
000 -LEADER
fixed length control field 01275nam a2200313Ia 4500
245 00 - TITLE STATEMENT
Title Literature among discourses
260 ## - PUBLICATION, DISTRIBUTION, ETC. (IMPRINT)
Place of publication Minneapolis :
Name of publisher University of Minnesota Press,
Year of publication c1986.
300 ## - PHYSICAL DESCRIPTION
Number of Pages xv, 181 p.
650 #0 - SUBJECT ADDED ENTRY--TOPICAL TERM
Topical Term Spanish literature
700 1# - ADDED ENTRY--PERSONAL NAME
Personal name Godzich, Wlad.
Personal name Spadaccini, Nicholas.
856 40 - ELECTRONIC LOCATION AND ACCESS
Uniform Resource Identifier http://site.ebrary.com/lib/rucke/Doc?id=10194358

No items available.

© 2026 Rongo University
Contact us: librarian | system librarian | Rongo university